| 000 | 00924cam a22002535a 4500 | ||
|---|---|---|---|
| 001 | 16774098 | ||
| 005 | 20201128021436.0 | ||
| 008 | 110511t2011 maua frb 001 0 eng d | ||
| 020 | _a9781597496537 | ||
| 040 |
_aDLC _cDLC _dDLC _dEG-ScBUE _beng |
||
| 082 | 0 | 4 |
_a005.8 _222 _bAND |
| 100 | 1 |
_aAndress, Jason. _938011 |
|
| 245 | 1 | 4 |
_aThe basics of information security : _bunderstanding the fundamentals of InfoSec in theory and practice / _cJason Andress ; editor Russ Rogers. |
| 260 |
_aWaltham : _bSyngress / Elsevier, _cc.2011. |
||
| 300 |
_axviii, 171 p. : _bill. ; _c24 cm. |
||
| 500 | _aIndex : p. 167-171. | ||
| 504 | _aIncludes bibliographical references. | ||
| 650 | 7 |
_aComputer security. _2BUEsh _92637 |
|
| 650 | 7 |
_aComputer networks _xSecurity measures. _2BUEsh _92634 |
|
| 650 | 7 |
_aInformation resources management. _2BUEsh _913875 |
|
| 651 | _2BUEsh | ||
| 653 |
_bCOMSCI _cJuly2015 _cDecember2015 |
||
| 942 | _2ddc | ||
| 999 |
_c20362 _d20334 |
||